000
00300 a2200109 4500
001
ART_53760
005
20260410161634.0
008
260409a
245
1
0
_a
Cómo tomar decisiones más efectivas
100
1
_a
Bonatti, Patricia
773
0
_t
Enfoques
_g
- N°9 (sep. 2021)
_w
REV416
999
_c
12683
_d
12683